000 00319nam a2200133Ia 4500
008 210312s9999||||xx |||||||||||||| ||und||
041 _aosm
050 _aPL248
050 _bM34.T35
100 _aRecaizade Mahmut Ekrem
245 0 _aTalim-i edebiyat
260 _c1330
650 _aEdebiyat--Türk edebiyatı--Eğitim
999 _c22198
_d22198